000 00964nam a2200265Ia 4500
003 OSt
005 20221005110703.0
006 a|||||r|||| 00| 0
007 ta
008 221004b |||||||| |||| 00| 0 hin d
020 _a9788126709458 (hbk)
_c250
024 _a16909
037 _bBR8456, 23/03/2015, Rajkamal Prakashan Pvt. Ltd.
_cTextual
040 _aCRL
_cCRL
_bhin
041 _2hin
_ahin
082 _aO152,3N212,RD, L7;Q3
100 _aफणीश्वरनाथ रेणु
245 0 _aऋणजल धनजल
246 _aṚuṇajal dhanajala
260 _aनई दिल्ली
_bराजकमल प्रकाशन भारत
_c2005
300 _a111पृ0
_ccm.
650 _aहिन्दी साहित्य
942 _hO152,3N212,RD, L7;Q3
_cTEXL
_2cc
999 _c1019592
_d1019592